Consumer lifestyle in Malaysia : Euromonitor :
| Format: | Book |
|---|---|
| Published: |
London:
Euromonitor,
2005.
|
| Subjects: |
| LEADER | 00474cam a2200145 7i4500 | ||
|---|---|---|---|
| 001 | 0000016107 | ||
| 005 | 20050830090000.0 | ||
| 090 | 0 | 0 | |a M 658.834 |b CON |
| 245 | 0 | 0 | |a Consumer lifestyle in Malaysia : |b Euromonitor : |b Euromonitor : |b April 2005. |
| 260 | 0 | 0 | |a London: |b Euromonitor, |c 2005. |
| 300 | # | # | |a 92p. |
| 650 | 0 | 0 | |a Consume behaviour -- |z Malaysia |
| 650 | 0 | 0 | |a Consumer -- |x Research -- |z Malaysia |
| 651 | 0 | 0 | |a Malaysia |
| 999 | |a B000017527 |b Book |c Malaysia |e Business Information Centre | ||